000 00543 a2200205 4500
001 130696
020 _a85-02-02037-4
040 _cLeonardo Da Vinci
041 _aPortuguês
082 _a345 S166c
_bS166c
100 _aSALLES JUNIOR, Romeu de Almeida
245 _aCurso completo de Direito Penal
250 _a7.ed
260 _bSaraiva
_c1999
_aSão Paulo
300 _a517
362 _a19990000
500 _aEdição revista e atualizada
697 _aDireito
_aDireito Penal
_aLegislação
_aLeis
_aBrasil
_aFIPEN
942 _cBK
999 _c130696
_d130696